| 000 | 01307nam a22003737a 4500 | ||
|---|---|---|---|
| 003 | CHAP | ||
| 005 | 20220329133831.0 | ||
| 008 | 971013s1987 r 00010 d | ||
| 010 | _a11567 | ||
| 011 | _a12539 | ||
| 035 | _a15725 | ||
| 040 | _cCHAP | ||
| 090 | _aTesis | ||
| 100 | 0 | 0 |
_aMorales Hernández, Juan Antonio. _978298 |
| 245 | _aAlgunos aspectos del análisis de las series de experimentos en diseños balanceados de bloques incompletos | ||
| 260 |
_aChapingo, Méx. : _bEl autor, _c1987 |
||
| 300 | _a76 h. | ||
| 500 | _aD14-161 | ||
| 502 | _aTesis (Maestro en Ciencias Esp. en Estadística Experimental) -- CP. Centro de Estadística | ||
| 590 |
_aALEPH _b10 _c20130110 _lUCH01 _h1229 |
||
| 590 |
_aBATCH-UPD _b10 _c20130110 _lUCH01 _h1603 |
||
| 590 |
_aBATCH-UPD _b10 _c20130410 _lUCH01 _h0959 |
||
| 590 |
_aBATCH-UPD _b10 _c20130914 _lUCH01 _h0347 |
||
| 590 |
_aBATCH-UPD _b10 _c20130914 _lUCH01 _h2043 |
||
| 590 |
_aCONVERSION _b10 _c20130109 _lUCH01 _h1308 |
||
| 650 | 1 | 4 |
_aAnálisis de series de tiempo. _95975 |
| 650 | 1 | 4 |
_aAnálisis estadístico. _95984 |
| 650 | 1 | 4 |
_aDiseño de bloques. _932728 |
| 650 | 1 | 4 |
_aDiseños experimentales. _932735 |
| 901 | _aBK | ||
| 942 | _cFOLL | ||
| 949 |
_bBC _cTES _d-27934 _eTS1 _h19657 _i15725 _si |
||
| 949 |
_bBC _cTES _d-88311 _eTS2 _fc.2 _h19658 _i15725 _si |
||
| 999 |
_c11567 _d11567 |
||